Srpen 1939 : posledních jedenáct dní před začátkem druhé světové války / Manfred Vasold ; [z německého originálu ... přeložila Martina Muchová]
Autor prostřednictvím různých historických pramenů, jako jsou diplomatické zápisy, deníky, korespondence, osobní vzpomínky a citáty z denního tisku rekapituluje průběh politických jednání od 21.srpna, kdy Hitler uzavřel se Stalinem smlouvu o neútočení po samotný předvečer 2.světové války, tedy po 31.srpen 1939. Výklad přibližuje napjatou atmosféru v jednotlivých centrech moci na základě interpretace dobových dokumentů.
Publikace chronologicky líčí atmosféru a události posledních jedenácti srpnových dnů roku 1939, jež vyústily v počátek 2.světové války.
Record details
- ISBN: 80-86818-08-X (brož.)
- Physical Description: 238 s. ; 20 cm
- Publisher: Červený Kostelec : Pavel Mervart, 2005
Content descriptions
| Bibliography, etc. Note: | Obsahuje bibliografie a rejstřík |
Available copies
- 1 of 1 copy available at Common Catalog SPOK.
Holds
- 0 current holds with 1 total copy.
Show Only Available Copies
| Location | Call Number / Copy Notes | Barcode | Shelving Location | Status | Due Date |
|---|---|---|---|---|---|
| Terezin Initiative Institute | 5090 | 4594305090 | Knihovna ITI | Available | - |
| LDR | 02220nam a2200481 a 4500 | ||
|---|---|---|---|
| 001 | 27556 | ||
| 003 | CZ-PrJAB | ||
| 005 | 20221020093559.0 | ||
| 008 | 050811s2005 xr gr 001 0 cze | ||
| 015 | . | ‡acnb001569259 | |
| 020 | . | ‡a80-86818-08-X (brož.) | |
| 035 | . | ‡a(CONS)2378 | |
| 035 | . | ‡a(CZ PrSKC)nkc20051569259 | |
| 035 | . | ‡a(OCoLC)85154418 | |
| 040 | . | ‡aABA001 ‡bcze ‡dBOA001 | |
| 041 | 1 | . | ‡acze ‡hger |
| 080 | . | ‡a94(100)"1939/1945" ‡2MRF | |
| 080 | . | ‡a355.013 ‡2MRF | |
| 080 | . | ‡a341.76 ‡2MRF | |
| 080 | . | ‡a94(4) ‡2MRF | |
| 080 | . | ‡a(0:82-96) ‡2MRF | |
| 100 | 1 | . | ‡aVasold, Manfred, ‡d1943- ‡7jn20021031001 ‡4aut |
| 245 | 1 | 0. | ‡aSrpen 1939 : ‡bposledních jedenáct dní před začátkem druhé světové války / ‡cManfred Vasold ; [z německého originálu ... přeložila Martina Muchová] |
| 260 | . | ‡aČervený Kostelec : ‡bPavel Mervart, ‡c2005 | |
| 300 | . | ‡a238 s. ; ‡c20 cm | |
| 504 | . | ‡aObsahuje bibliografie a rejstřík | |
| 520 | 9 | . | ‡aAutor prostřednictvím různých historických pramenů, jako jsou diplomatické zápisy, deníky, korespondence, osobní vzpomínky a citáty z denního tisku rekapituluje průběh politických jednání od 21.srpna, kdy Hitler uzavřel se Stalinem smlouvu o neútočení po samotný předvečer 2.světové války, tedy po 31.srpen 1939. Výklad přibližuje napjatou atmosféru v jednotlivých centrech moci na základě interpretace dobových dokumentů. |
| 520 | 9 | . | ‡aPublikace chronologicky líčí atmosféru a události posledních jedenácti srpnových dnů roku 1939, jež vyústily v počátek 2.světové války. |
| 852 | 4 | . | ‡bJACH-ITI ‡bJACH-ITI ‡cKnihovna ITI ‡j5090 ‡p5090 ‡y$0.00 |
| 910 | . | ‡aABE340 ‡b5090 | |
| 995 | . | ‡askok | |
| 901 | . | ‡a27556 ‡bISxN ‡c27556 ‡tbiblio | |